000 00224nam a2200097Ia 4500
008 120527s9999 xx 000 0 und d
100 _aFELDSTEIN, S.Hilary
245 _aTools for the field
260 _bKumarian
942 _cBK
999 _c25099
_d25099